|
|
|
|
| LEADER |
01428nam a2200337 4500 |
| 001 |
37856 |
| 003 |
BD-DhAAL |
| 005 |
20220227122011.0 |
| 008 |
220227t1973 njua b 101 0 eng |
| 999 |
|
|
|c 43595
|d 43595
|
| 010 |
|
|
|a 73001892
|
| 020 |
|
|
|a 0131282565
|
| 020 |
|
|
|a 9780131282568
|
| 040 |
|
|
|a DLC
|c DLC
|d DLC
|d BD-DhAAL
|
| 050 |
0 |
0 |
|a LB1028
|b .C48
|
| 082 |
0 |
0 |
|a 370/.78/073
|
| 245 |
0 |
0 |
|a Changing education: alternatives from educational research.
|c Edited by M. C. Wittrock; Contributors Richard C. Atkinson
|
| 260 |
|
|
|a Englewood Cliffs, N.J.,
|b Prentice-Hall
|c c1973
|
| 300 |
|
|
|a vii, 184 pages :
|b illustrations ;
|c 24 cm.
|
| 490 |
0 |
|
|a Prentice-Hall American Educational Research Association series
|
| 500 |
|
|
|a Eight invited addresses given at the 1972 AERA annual convention.
|
| 504 |
|
|
|a Includes bibliographies.
|
| 541 |
|
|
|a Complimentary copy from BIED
|e 37856
|
| 650 |
|
0 |
|a Education
|x Research.
|9 46125
|
| 650 |
|
0 |
|a Teaching.
|9 46126
|
| 700 |
1 |
|
|a Wittrock, M. C.
|q (Merlin C.),
|d 1931-
|e ed.
|9 46127
|
| 700 |
1 |
|
|a Atkinson, Richard C.
|9 46128
|
| 710 |
2 |
|
|a American Educational Research Association.
|9 46129
|
| 852 |
|
|
|a Ayesha Abed Library
|c BIED Collection
|
| 942 |
|
|
|2 ddc
|c BK
|
| 952 |
|
|
|0 0
|1 0
|2 ddc
|4 0
|6 370_780730000000000_CHA
|7 0
|9 69910
|a BRACUL
|b BRACUL
|c GEN
|d 2022-02-27
|e Complimentary copy from BIED
|l 0
|o 370.78073 CHA
|p 3010037856
|r 2022-02-27
|t 1
|w 2022-02-27
|y BK
|x Transferred from BIED to General Stacks
|